| 000 | 00418 a2200145 4500 | ||
|---|---|---|---|
| 001 | 153143 | ||
| 040 | _cEscola São Tomás de Aquino | ||
| 100 | _aGARCIA, Gabriel Edson | ||
| 240 | 1 | 0 |
_aAs caras da violência e alguns modos de construir a paz _lpor |
| 245 | 1 | 0 | _aAs caras da violência e alguns modos de construir a paz |
| 300 | _a45 | ||
| 362 | 0 | _a2001 | |
| 697 | _aValores, princípios / Filosofia | ||
| 942 | _cBK | ||
| 999 |
_c153143 _d153143 |
||